000 01896cam a22004214i 4500
003 PE-LiUPU
005 20250731172950.0
008 150616s r 000 0 d
035 _a(Sirsi) a2133
040 _aPE-LiUPU
_bspa
_cPE-LiUPU
_erda
049 _aPRUA
082 0 4 _a248.843
_bP86
_221
100 1 _aPrice, Eugenia,
_eautor.
245 1 3 _aEl mundo único de la mujer :
_b..en tiempos bíblicos y hoy.
_nTomo 2: Nuevo Testamento /
_cpor Eugenia Price; versión castellana de Edna Lee de Gutiérrez.
264 1 _aBuenos Aires :
_bEditorial Mundo Hispano,
_c1976.
300 _a112 páginas ;
_c17 centímetros.
336 _atext
_2rdacontent
337 _aunmediated
_2rdamedia
338 _avolume
_2rdacarrier
505 0 _aAna ..la viuda creativa -- La viuda de Naín ..algunos pensamientos sobre la muerte -- Juana ..la mujer que volvió su don -- La mujer samaritana ..momentos de reconocimiento -- La mujer con el flujo de sangre ..la simplicidad de la fe -- La mujer encorvada ..fanatismo y fe -- La esposa de pedro ..quién inspiró a su esposo -- La viuda y sus monedas de cobre ..una blanca era todo -- La mujer sirofenicia ..ella llenó su reto -- La mujer tomada en adulterio ..ella esperó con él -- La madre del hijo ciego .."edad tiene, preguntadle" -- Rode ..la esclava con capacidad para el gozo -- María de Jerusalén ..la madre de Juan Marcos -- La madre de Rufo ..y de Pablo.
526 _aSEG42
526 _aSEG41
526 _aSEG40
526 _aSEG39
526 _aP94
526 _aP87
526 _aP86
526 _aP85
526 _aP77
526 _aP76
526 _aP35
650 1 0 _aMujeres en la biblia.
_92340
700 _aLee de Gutiérrez, Edna,
_etraductora.
_94152
910 _ajck
942 _2ddc
_cBK
980 _81
_gALBERTO SANCHEZ Responsable de Automatización
999 _c21778
_d21778